Fortnite C6 S3 Super Battle Pass Skins - Statistics

General Stats
  • This quiz has been taken 19 times
  • The average score is 6 of 8
Answer Stats
Answer % Correct
Robin
100%
Superman
90%
Haylee Skye
70%
Killswitch
70%
Morgan Myst
70%
Lightrider
60%
Ziggy
60%
Synthwave
50%
No matching quizzes found
Score Distribution
Percent of People with Each Score
Percentile by Number Answered
Your Score History
You have not taken this quiz